000
00333nam a22001457a 4500
008
230926b ||||| |||| 00| 0 eng d
020
_a
0471900362
041
_a
eng
080
_a
316
082
_a
316MIL
100
_a
24
101
_a
SOCIOLO
245
_a
A DICTIONARY OF SOCIAL SCIENCE METHODS
_c
MILLER.M .P
942
_2
udc
_c
BK
999
_c
60402
_d
60402